| Tag |
First Indicator |
Second Indicator |
Subfields |
| LEADER |
00000cam a2200000 a 4500 |
| 001 |
in00000027122 |
| 008 |
871118s1987 enka b 000 0 eng |
| 005 |
20250225210458.7 |
| 010 |
|
|
|a 87070842
|
| 015 |
|
|
|a GB8714766
|2 bnb
|
| 016 |
7 |
|
|a 012308079
|2 Uk
|
| 019 |
|
|
|a 17008940
|a 56661971
|a 1173739573
|
| 020 |
|
|
|a 090545149X
|
| 020 |
|
|
|a 9780905451497
|
| 020 |
|
|
|a 0931215250
|q (U.S.)
|
| 020 |
|
|
|a 9780931215254
|q (U.S.)
|
| 020 |
|
|
|a 3540179364
|q (Ber.)
|
| 020 |
|
|
|a 9783540179368
|q (Ber.)
|
| 020 |
|
|
|a 0387179364
|q (N.Y.)
|
| 020 |
|
|
|a 9780387179360
|q (N.Y.)
|
| 029 |
1 |
|
|a AU@
|b 000005248290
|
| 029 |
1 |
|
|a HEBIS
|b 008196419
|
| 029 |
1 |
|
|a NZ1
|b 3986192
|
| 035 |
|
|
|a (OCoLC)ocm17264615
|
| 035 |
|
|
|a (OCoLC)17264615
|z (OCoLC)17008940
|z (OCoLC)56661971
|z (OCoLC)1173739573
|
| 035 |
|
|
|a (OCoLC)ocm17264615
|
| 040 |
|
|
|a UKM
|b eng
|c UKM
|d ONU
|d CLA
|d PIT
|d BAKER
|d UX1
|d YDXCP
|d AU@
|d SYB
|d BDX
|d OCLCF
|d OCLCQ
|d OCLCO
|d OCLCQ
|d NJR
|d UWO
|d OCLCO
|d LVT
|d OCLCQ
|d UKBTH
|d OCLCO
|
| 050 |
1 |
4 |
|a TA174
|b .C585 1987
|
| 080 |
|
|
|a 518.552.P97
|
| 080 |
0 |
|
|a 620.239.8
|
| 082 |
0 |
4 |
|a 004/.02462
|2 19
|
| 082 |
0 |
4 |
|a 001.6/4044/02462
|2 18
|
| 084 |
|
|
|a PP 20
|2 blsrissc
|
| 245 |
0 |
0 |
|a Computer aided engineering systems handbook /
|c editors, J. Puig-Pey, C.A. Brebbia.
|
| 260 |
|
|
|a Southampton :
|b Computational Mechanics.
|
| 300 |
|
|
|a 2 volumes :
|b illustrations ;
|c 24 cm
|
| 336 |
|
|
|a text
|b txt
|2 rdacontent
|
| 337 |
|
|
|a unmediated
|b n
|2 rdamedia
|
| 338 |
|
|
|a volume
|b nc
|2 rdacarrier
|
| 490 |
1 |
|
|a Computational Mechanics publications
|
| 504 |
|
|
|a Includes bibliographical references.
|
| 650 |
|
0 |
|a Engineering
|x Data processing.
|
| 650 |
|
6 |
|a Ingénierie
|x Informatique.
|
| 650 |
|
7 |
|a Engineering
|x Data processing.
|2 fast
|0 (OCoLC)fst00910334
|
| 653 |
|
|
|a Computer systems - For engineering
|
| 700 |
1 |
|
|a Brebbia, C. A.
|
| 700 |
1 |
|
|a Puig-Pey, J.
|q (Jaime),
|d 1952-
|
| 776 |
0 |
8 |
|i Online version:
|t Computer aided engineering systems handbook.
|d Southampton : Computational Mechanics
|w (OCoLC)568718477
|
| 776 |
0 |
8 |
|i Online version:
|t Computer aided engineering systems handbook.
|d Southampton : Computational Mechanics
|w (OCoLC)610015439
|
| 776 |
0 |
8 |
|i Online version:
|t Computer aided engineering systems handbook.
|d Southampton : Computational Mechanics
|w (OCoLC)610174975
|
| 830 |
|
0 |
|a Computational Mechanics publication.
|
| 938 |
|
|
|a Baker & Taylor
|b BKTY
|c 87.00
|d 87.00
|i 0931215250
|n 0001242008
|s active
|
| 938 |
|
|
|a Brodart
|b BROD
|n 39163873
|c $182.50
|
| 938 |
|
|
|a YBP Library Services
|b YANK
|n 7803791
|
| 948 |
|
|
|h HELD BY TXA - 93 OTHER HOLDINGS
|
| 994 |
|
|
|a Z0
|b TXA
|
| 999 |
f |
f |
|s 6d973cbb-63e7-380b-a97a-6e320ad0244b
|i e720044f-410e-382f-b687-072a62faa16f
|t 0
|
| 952 |
f |
f |
|p ric
|a Texas A&M University
|b Rellis Campus
|c Joint Library Facility
|d Remote Storage
|t 0
|e TA174 .C5827 1987
|h Library of Congress classification
|i unmediated -- volume
|k v.1
|m A14811110920
|
| 998 |
f |
f |
|a TA174 .C5827 1987
|s v.1
|t 0
|l Remote Storage
|